Las Invasiones agrarias en México o la crisis del modelo de incorporación-participación marginal

Gardado en:
Detalles Bibliográficos
Autor Principal: Martínez Rios, Jorge
Autor Corporativo: UNAM. Instituto de Investigaciones
Formato: Texto
Publicado: México D.F.: UNAM
Etiquetas: Engadir etiqueta
Sen Etiquetas, Sexa o primeiro en etiquetar este rexistro!

MARC

LEADER 00000 a a2200000 04500
001 22693
003
040
090 |a 155700  
100 |a Martínez Rios, Jorge  
110 |a UNAM. Instituto de Investigaciones  
245 |a Las Invasiones agrarias en México o la crisis del modelo de incorporación-participación marginal  
260 |a México D.F.:   |b UNAM  
300 |a 69 p  
999 |c 17205  |d 17205